|
|
|
|
| LEADER |
00000nab a2200000ua 4500 |
| 001 |
vtls010831168 |
| 003 |
SK-MaSNL |
| 005 |
20260303144613.0 |
| 008 |
230222s2000 xo |||||||||||||||||eng| |
| 035 |
|
|
|a (urnnbn)urn:nbn:sk:snk:ar-a06ij9
|
| 035 |
|
|
|a urn:nbn:sk:snk-ab5w49
|
| 035 |
|
|
|a (uuid)6daea698-308e-458a-9265-f1cd291f5af4
|
| 040 |
|
|
|a SNKBUCL
|b slo
|c SNKBUCL
|e AACR2
|
| 041 |
0 |
|
|a eng
|
| 044 |
|
|
|a xo
|c SK
|
| 100 |
1 |
|
|a Cisek, Jerzy
|4 aut
|9 802054
|
| 245 |
1 |
0 |
|a COMPARATIVE ANALYSIS OF ATOMIZATION AND COMBUSTION OF NATURAL RAPE OIL AND STANDARD FUEL IN A DIESEL ENGINE
|c Jerzy Cisek, Zygmunt Szlachta
|
| 246 |
3 |
|
|a KOMPARATÍVNA ANALÝZA JEMNÉHO ROZPRAŠOVANIA A SPAĽOVANIA PRÍRODNÉHO REPKOVÉHO OLEJA A ŠTANDARDNÉHO PALIVA VO VZNETOVOM MOTORE
|
| 700 |
1 |
|
|a Szlachta, Zygmunt
|4 aut
|9 802055
|
| 773 |
0 |
|
|t Acta technologica agriculturae : vedecký časopis pre mechanizáciu poľnohospodárstva
|g Roč. 3, č. 1 (2000), s. 2-8
|
| 958 |
|
|
|a OND
|
| 958 |
|
|
|a EUIPO
|
| 958 |
|
|
|a article5
|
| 999 |
|
|
|c 1997997
|d 1999927
|